- Contreras García, Irma
Entry Nombre Personal
001 - NUMERO DE CONTROL
- campo de control: 45890
003 - IDENTIFICADOR DE NUMERO DE CONTROL
- campo de control: DLC
005 - FECHA Y HORA DE LA ÜLTIMA TRANSACCIÓN
- campo de control: 20220822122810.0
008 - DATOS DE LONGITUD FIJA
- campo de control de longitud fija: 220822n| acannaabn |a aaa
010 ## - NÚMERO DE CONTROL DE LA BIBLIOTECA DEL CONGRESO
- Número de control LC: n 90682901
035 ## - NUMERO DE CONTROL
- Número de control: (OCoLC)oca02800549
040 ## - FUENTE DE CATALOGACIÓN
- Agencia original de catalogación: DLC
- Lenguaje de catalogación: spa
- Agencia de transcripción: DLC
- Agencia que lo modifica: DLC
- Agencia que lo modifica: OCoLC
- Agencia que lo modifica: MXMxUNAM
- Agencia que lo modifica: MX-MxUPN
100 1# - ENCABEZAMIENTO - NOMBRE PERSONAL
- Nombre personal: Contreras García, Irma
370 ## - LUGAR ASOCIADO
- Associated country: México
371 ## - DIRECCIÓN
- Address: Centro Cultural Universitario, Coyoacán, Ciudad Universitaria
- City: Ciudad de México
- Postal code: 04510
373 ## - GRUPO ASOCIADO
- Associated group: Universidad Nacional Autónoma de México. Instituto de Investigaciones Bibliográficas
- Start period: 2010-04-30
374 ## - OCUPACIÓN
- Occupation: Investigadora
375 ## - GÉNERO
- Gender: femenino
377 ## - LENGUA ASOCIADA
- Language code: spa
400 1# - VEÁSE - NOMBRE DE PERSONA
- Personal name: García, Irma Contreras
670 ## - FUENTE EN LA QUE SE LOCALIZARON DATOS
- Cita de la fuente: nuc90-50742: En su obra: Bibliografía sobre la castellanización ... 1985-1986
- Información localizada: (hdg. on CaBVaU rept.: Contreras García, Irma; usage: Irma Contreras García)
670 ## - FUENTE EN LA QUE SE LOCALIZARON DATOS
- Cita de la fuente: Instituto de Investigaciones Bibliográficas, 25 noviembre 2008:
- Información localizada: directorio (Irma Contreras García; Investigadora IIB, UNAM.)
- Uniform Resource Identifier: http://biblional.bibliog.unam.mx:8080/lenya/iibpru/live/investigacion/investigadores/ICG.html
670 ## - FUENTE EN LA QUE SE LOCALIZARON DATOS
- Cita de la fuente: Biblioteca del Congreso (Estados Unidos), 25 noviembre 2008:
- Información localizada: catálogo electrónico (punto de acceso: Contreras García, Irma)
902 ## - CATALOGADOR
- Catalogador: NDAF/220822
